Formación matemática del economista (Registro nro. 5355)

Detalles MARC
000 -LEADER
fixed length control field 01476 a2200217 4500
001 - CONTROL NUMBER
control field 54108
005 - DATE AND TIME OF LATEST TRANSACTION
control field 20260407155811.0
008 - FIXED-LENGTH DATA ELEMENTS--GENERAL INFORMATION
fixed length control field 260407a1966 arg spa d
003 - CONTROL NUMBER IDENTIFIER
control field AR-UNSa-BCEJYS
040 ## - CATALOGING SOURCE
Original cataloging agency AR-UNSa-BCEJYS
Language of cataloging spa
Transcribing agency AR-UNSa-BCEJYS
080 ## - UNIVERSAL DECIMAL CLASSIFICATION NUMBER
Universal Decimal Classification number 510
Common auxiliary subdivision Consideraciones fundamentales y generales de las matemáticas<br/>
041 ## - LANGUAGE CODE
Language code of text/sound track or separate title spa
100 1# - MAIN ENTRY--PERSONAL NAME
Personal name Toranzos, Fausto I.
245 10 - TITLE STATEMENT
Title Formación matemática del economista
250 ## - EDITION STATEMENT
Edition statement 2a. ed.
264 #1 - PRODUCTION, PUBLICATION, DISTRIBUTION, MANUFACTURE, AND COPYRIGHT NOTICE
Place of production, publication, distribution, manufacture Buenos Aires :
Name of producer, publisher, distributor, manufacturer Fondo de Cultura Económica
Date of production, publication, distribution, manufacture, or copyright notice 1966
300 ## - PHYSICAL DESCRIPTION
Extent 562 p.
Dimensions 21 cm.
505 ## - FORMATTED CONTENTS NOTE
Formatted contents note 1. Recordando conceptos de Aritmética - 2. Recordando operaciones de Álgebra - 3. Nociones de Trigonometría - 4. Combinatoria,progresiones,logaritmos y aplicaciones financieras - 5. Funciones en Economía - 6. Álgebra y geometría lineal bidimensional - 7. Ecuaciones de segundo grado,cónicas y otras funciones útiles en Economía - 8. Límites,continuidad - 9. Derivación - 10. Integral indefinida - 11. Integral definida - 12. Series - 13. Fórmula de Taylor-Mac Laurin.Estudio de una curva plana - 14. Serie de Fourier y polinomios ortogonales - 15. Álgebra y geometría tridimensional - 16. Cálculo diferencial de funciones de dos variables - 17. Integrales múltiples - 18. Álgebra lineal - 19. Formas cuadráticas y extremos de funciones de n variables - 20. Ecuaciones diferenciales - 21. Operadores y ecuaciones en diferencias
590 ## - LOCAL NOTE (RLIN)
Local note niveau_biblio:m niveau_hierar:0
942 ## - ADDED ENTRY ELEMENTS (KOHA)
Koha item type
Existencias
Withdrawn status Lost status Damaged status Not for loan Home library Current library Shelving location Date acquired Total checkouts Full call number Barcode Date last seen Price effective from Koha item type
        Biblioteca Prof. Eusebio Cleto del Rey Biblioteca Prof. Eusebio Cleto del Rey   07/04/2026   510 T676 2ed. L22420 07/04/2026 07/04/2026 Libro
        Biblioteca Prof. Eusebio Cleto del Rey Biblioteca Prof. Eusebio Cleto del Rey   07/04/2026   510 T676 2ed. L22421 07/04/2026 07/04/2026 Libro